| 000 | 00837nam a2200277Ia 4500 | ||
|---|---|---|---|
| 003 | GCL | ||
| 008 | 140319s9999 xx 000 0 ara d | ||
| 040 |
_aGCL / _cGCL |
||
| 082 | 0 | 4 |
_a810.9 _bا ع |
| 100 | 1 | _aاحمد امين | |
| 245 | 1 | 0 |
_aالعقد الفريد / _cاحمد امين |
| 700 | 1 | _aالاندلسى، ابوعمر احمد بن محمد | |
| 700 | 1 | _aاحمد الزين | |
| 700 | 1 | _aابراهيم الابيارى | |
| 260 |
_a[S.N] : _bمطبعة لجنة التأليف والترجمة والنشر ، _c1948 |
||
| 300 | _aمتعدد | ||
| 490 | _a | ||
| 650 | 0 | 4 | _aالادب العربى |
| 650 | 0 | 4 | _aالادب |
| 650 | 0 | 4 | _aالمقالات |
| 650 | 0 | 4 | _aالشعر |
| 650 | 0 | 4 | _aالرسائل الادبية |
| 650 | 0 | 4 | _aالنثر |
| 650 | 0 | 4 | _aتاريخ ونقد |
| 942 |
_2ddc _cBK |
||
| 999 |
_c58860 _d58860 |
||